Central Library OPAC University of Rajshahi

জীবন পথের যাত্রী / (Record no. 40121)

MARC details
000 -LEADER
fixed length control field 00723nam a2200229 a 4500
001 - CONTROL NUMBER
control field 40121
003 - CONTROL NUMBER IDENTIFIER
rucl marc code BD-RjUL
005 - DATE AND TIME OF LATEST TRANSACTION
control field 20211209053136.0
008 - FIXED-LENGTH DATA ELEMENTS--GENERAL INFORMATION
fixed length control field 160423q1968 bg |||| |||| 00| 0 ben d
020 ## - INTERNATIONAL STANDARD BOOK NUMBER
Terms of availability : PRs. 3.50
035 ## - SYSTEM CONTROL NUMBER
System control number (BD-RjUL)40236
040 ## - CATALOGING SOURCE
Original cataloging agency BD-RjUL
Language of cataloging ben
Transcribing agency BD-RjUL
041 ## - LANGUAGE CODE
Language code of text/sound track or separate title ben
082 ## - DEWEY DECIMAL CLASSIFICATION NUMBER
Edition number 23
Classification number 891.443
Author mark and year FOJ 1968
100 ## - MAIN ENTRY--PERSONAL NAME
Personal name ফজল, আবুল
9 (RLIN) 123542
245 10 - TITLE STATEMENT
Title জীবন পথের যাত্রী /
Statement of responsibility, etc. আবুল ফজল
260 ## - PUBLICATION, DISTRIBUTION, ETC. (IMPRINT)
Place of publication, distribution, etc. ঢাকা :
Name of publisher, distributor, etc. নওরোজ,
Date of publication, distribution, etc. [ ১৯৬৮? ]
300 ## - PHYSICAL DESCRIPTION
Pagination [৪] ২৫৬ পৃ. ;
Size ১৯ সেমি.
650 ## - SUBJECT ADDED ENTRY--TOPICAL TERM
Topical term or geographic name as entry element বাংলা উপন্যাস
9 (RLIN) 123543
Topical term or geographic name as entry element Bengali Fiction
9 (RLIN) 123544
942 ## - ADDED ENTRY ELEMENTS (KOHA)
Source of classification or shelving scheme Dewey Decimal Classification
Koha item type Books
Holdings
Lost status Source of classification or shelving scheme Damaged status Not for loan Permanent Location Current Location Shelving location Date acquired Source of acquisition Cost, normal purchase price Total Checkouts Full call number Date last seen Copy number Koha item type
  Dewey Decimal Classification     Central Library, University of Rajshahi Central Library, University of Rajshahi   03/06/1968 Nawroge Kitabstan, Kolikata 3.50   B 891.443 FOJ 1968 23/04/2016 C-2 Books